Statistics for Third Eye Blind Charting Songs (Billboard Hot 100)

Click here to take the quiz!

General Stats

  • This quiz has been taken 3 times
  • The average score is 3 of 5

Answer Stats

AlbumWeeks OnPeakSong% Correct
Third Eye Blind43 Weeks#4Semi-Charmed Life
100%
Third Eye Blind20 Weeks#5Jumper
100%
Third Eye Blind52 Weeks#9How's It Going to Be
67%
Blue22 Weeks#14Never Let You Go
33%
Blue12 Weeks#69Deep Inside of You
33%

Score Distribution

Percentile by Number Answered

Percent of People with Each Score

Your Score History

You have not taken this quiz